Standard Letters In Architectural Practice -- 3Rd Edition (Record no. 4862)

000 -LEADER
fixed length control field 00291nam a2200109Ia 4500
008 - FIXED-LENGTH DATA ELEMENTS--GENERAL INFORMATION
fixed length control field 200302s9999 xx 000 0 und d
100 ## - MAIN ENTRY--PERSONAL NAME
Personal name David Chappell
245 ## - TITLE STATEMENT
Title Standard Letters In Architectural Practice -- 3Rd Edition
260 ## - PUBLICATION, DISTRIBUTION, ETC.
Name of publisher, distributor, etc. Blackwell Publishing
260 ## - PUBLICATION, DISTRIBUTION, ETC.
Date of publication, distribution, etc. 2003
300 ## - PHYSICAL DESCRIPTION
Extent 320 P
Holdings
Withdrawn status Lost status Damaged status Not for loan Permanent Location Current Location Date acquired Cost, normal purchase price Full call number Barcode Date last seen Price effective from Koha item type
        BMS College of Architecture, Design and Planning BMS College of Architecture, Design and Planning 2020-03-03 10377.49 651.75202472 CL-UG69855 2020-03-03 2020-03-03 UG Books from CL
Copyright © 2025, The Librarian, Library and Information Centre, BMSCA D&P, Bengaluru. All Rights Reserved
web counter

Powered by Koha